| 000 | 00827nam a22002177a 4500 | ||
|---|---|---|---|
| 999 |
_c12956 _d12956 |
||
| 003 | AR-CdUCM | ||
| 008 | 190410b ||||| |||| 00| 0 spa d | ||
| 020 | _a978-612-00-0920-8 | ||
| 040 |
_aMUNICIPALIDAD PROVINCIAL DEL CUSCO _cBIBLIOTECA MUNICIPAL DEL CUSCO |
||
| 082 |
_a985.6.755 / _bH663 |
||
| 100 |
_aHinojosa Gálvez, Alfredo _97253 |
||
| 245 | _aLa pintura cusqueña en la ideología Andina / | ||
| 260 |
_aLima : _bSuper Gráfica, _c2012. |
||
| 300 |
_a376 páginas ; _bIlustraciones, Fotografias, _c24 cm. |
||
| 505 | _aContenido: Historiografía Andina -- Evaluación del arte en los andes -- El arte inca -- Religión inca -- La invasión española ... | ||
| 650 |
_aArte _9561 |
||
| 650 |
_aPinturas Cusqueñas _931092 |
||
| 650 |
_aHistoria del Perú _9259 |
||
| 942 |
_2ddc _cLIBROS |
||
| 945 |
_acmm _d2019-04-10 |
||